| 000 | 01028nam a22002417a 4500 | ||
|---|---|---|---|
| 999 |
_c16774 _d16774 |
||
| 003 | AR-CdUCM | ||
| 008 | 190506b ||||| |||| 00| 0 spa d | ||
| 040 |
_aMUNICIPALIDAD PROVINCIAL DEL CUSCO _cBIBLIOTECA MUNICIPAL DEL CUSCO |
||
| 082 |
_a985.62 / _bG88 / 1954 |
||
| 100 |
_aGuevara Velasco, Agustín _935541 |
||
| 245 |
_aApuntes sobre mi patria : _bvolumen del departamento de Puno / |
||
| 260 |
_aCusco : _bH. G. Rozas, _c1954. |
||
| 300 |
_a2 tomos ; _bfiguras, _c22 cm. |
||
| 505 | _aContenido: t,1 : Provincia de Azangaro -- Distrito de Achaya -- Distrito de Arapa -- Distrito de Asillo -- Distrito de Caminaca -- t.2 :Distrito de Zepita -- Provincia de Huancane -- Distrito de Conima ... | ||
| 650 |
_aAzangaro _929663 |
||
| 650 |
_aPuno (Perú : Departamento) _936427 |
||
| 650 |
_aCondiciones económicas _91989 |
||
| 650 |
_aCondiciones sociales _91132 |
||
| 700 |
_aGuevara, Víctor J. (prefacio) _935610 |
||
| 700 |
_aQuesada, Alejandro (colofón) _936428 |
||
| 942 |
_2ddc _cLIBROS |
||
| 945 |
_aachl _d2019-05-06 |
||